Harry Potter Name Chain #2 - Statistics

General Stats
  • This quiz has been taken 147 times
  • The average score is 12 of 15
Answer Stats
Hint Answer % Correct
Evil snake Nagini
97%
It's WinGARdium LeviOsa Hermione Granger
92%
Durmstrang headmaster Igor Karkaroff
91%
Quidditch commentator Lee Jordan
91%
Ravenclaw professor Filius Flitwick
90%
Gives away Felix Felicis Horace Slughorn
90%
Cursed by a necklace Katie Bell
87%
Man with a doe Patronus Severus Snape
82%
Grumpy Squib Argus Filch
79%
Quidditch referee Rolanda Hooch
77%
Three Broomsticks owner Rosmerta
69%
Has had 4 different wands Harry Potter
68%
Renowned Magizoologist Newt Scamander
67%
Wrote Dumbledore's obituary Elphias Doge
47%
Ravenclaw Quidditch captain Roger Davies
37%
No matching quizzes found
Score Distribution
Percent of People with Each Score
Percentile by Number Answered
Your Score History
You have not taken this quiz